01020cam a22003011 4500001001300000003000400013005001700017008004100034010001700075035001900092040003000111041001100141042001200152050001600164100002200180245005600202250001400258260004000272300001500312500003500327500007100362504003800433505010600471651004900577630004500626730003000671999001700701sa 68010350 DLC20260227112551.0790307m19659999ii b 000 0 eng  asa 68010350  a(OCoLC)4721993 aDLCcTxUdRPBdOCoLCdDLC0 aengsan apremarc00aDS451b.A931 aAwasthi, A. B. L.10aStudies in Skanda Purāṇa,cby A. B. L. Awasthi. a[1st ed.] aLucknow,bKailash Prakashan,c1965- av.c25 cm. aIncludes passages in Sanskrit. a"Thesis accepted for the Ph. D. degree of the Lucknow University." aBibliography: v. 1, p. [315]-320.1 aPt.2. Education, economic life, religion & philosophy.--pt.3. v. 1 Pilgrimage- Kedāra to Narmadā. 0aIndiaxHistoryy324 B.C.-1000 A.D.xSources.00aPuranasxCriticism, interpretation, etc.0 aPuranas.pSkandapurāna. c83377d83377